Κατάλογος Βιβλιοθηκών Mediterranean College

Κώδικας Βιβλίων και Στοιχείων με ΦΠΑ & ΕΓΛΣ / Κωδικοποίηση Μοναδικών Συντελεστών Καθαρού Κέρδους - Νέοι Τρόποι Φορολόγησης με βάση & Τα Βιβλία ΚΒΣ (Record no. 5119)

MARC details
000 -LEADER
fixed length control field 01499cam a22002054a 4500
005 - ΗΜΕΡΟΜΗΝΙΑ ΚΑΙ ΩΡΑ ΤΕΛΕΥΤΑΙΑΣ ΕΝΗΜΕΡΩΣΗΣ
Πεδίο ελέγχου 20250605164204.0
008 - FIXED-LENGTH DATA ELEMENTS--GENERAL INFORMATION
Πεδίο ελέγχου σταθερού μήκους 250528s ||||||||||||||||||||||||d
035 ## - SYSTEM CONTROL NUMBER
System control number 19876
020 ## - ISBN
ISBN 9602202939
040 ## - ΠΗΓΗ ΚΑΤΑΛΟΓΟΓΡΑΦΗΣΗΣ
Φορέας πρωτότυπης καταλογογράφησης MC Athens Campus Library
Γλώσσα καταλογογράφησης Ελληνικά, Μοντέρνα (1453-)
Modifying agency MC Athens Campus Library
Κανόνες περιγραφικής καταλογογράφησης AACR2
245 1# - ΤΙΤΛΟΣ ΚΑΙ ΔΗΛΩΣΗ ΥΠΕΥΘΥΝΟΤΗΤΑΣ
Τίτλος Κώδικας Βιβλίων και Στοιχείων με ΦΠΑ & ΕΓΛΣ / Κωδικοποίηση Μοναδικών Συντελεστών Καθαρού Κέρδους - Νέοι Τρόποι Φορολόγησης με βάση & Τα Βιβλία ΚΒΣ
250 ## - EDITION STATEMENT
Edition statement
260 ## - PUBLICATION, DISTRIBUTION, ETC.
Name of publisher, distributor, etc. Παπαδέας,
Date of publication, distribution, etc. 2001
300 ## - PHYSICAL DESCRIPTION
Extent 400
520 ## - SUMMARY, ETC.
Summary, etc. Πρόλογος, Γενικές Διατάξεις, Βιβλία Επιτηδευμάτων, Στοιχεία Επιτηδευμάτων, Ενημέρωση και Θεώρηση και Διαφύλαξη Βιβλίων και Στοιχείων, Μηχανογραφική Τήρηση Βιβλίων και Έκδοση Στοιχείων, Διαδικασιες Προσδιορισμού Οικονομικών Αποτελεσμάτων, Κύρος Βιβλίων και Στοιχείων - Απορρητο, Κυρώσεις, Ειδικές Αρμοδιότητες, Φραμμογράφηση Βιβλίων και Στοιχείων και Εντύπων, Διαγραμματα και Πίνακες και Σχήματα και Χάρτες.
700 1# - ΠΡΟΣΘΕΤΗ ΑΝΑΓΡΑΦΗ--ΦΥΣΙΚΟ ΠΡΟΣΩΠΟ
Personal name Παπαδέας Παναγιώτης Βασ
9 (RLIN) 3628
942 ## - ADDED ENTRY ELEMENTS (KOHA)
Koha item type Books
Holdings
Τύπος τεκμηρίου Βιβλιοθήκη Τρέχουσα τοποθεσία Barcode Αριθμός εισαγωγής Ημερομηνία απόκτησης Ταξιθετικό σύμβολο Αριθμός αντιτύπου Κατάσταση απόσυρσης Κατάσταση χαμένου Κατάσταση κατεστραμμένου Μη δανεισμός Σύνολο δανεισμών Ημερομηνία τελευταίας εμφάνισης Η τιμή ισχύει από
Books MC Athens Campus Library MC Athens Campus Library 9780000051189 6036 05/06/2025 343.49504 PAP 1           05/06/2025 05/06/2025

MC Athens Campus Library
Πατησίων 94 & Κοδριγκτώνος 13, 104 34
Πελλήνης 8 & Πατησίων 107, 112 51
Τ: +30 210 8899600

MC Thessaloniki Campus Library
Ίωνος Δραγούμη 21, 54625 | Ίωνος Δραγούμη 15, 54625
Τ: +30 2310 287779 – Τ: +30 2314 440300